000
00210 a2200097 4500
001
10791
100
_a
M. Ayub
245
_a
Friends not Masters
260
_a
_b
Oxford University Press
_c
090
_c
8378
_d
8378
942
_a
NUST-CAE
_c
M
_c
35131
999
_c
245864
_d
245864